Statistics for Top 100 US Television Markets

Click here to take the quiz!

General Stats

  • This quiz has been taken 91 times
  • The average score is 79 of 100

Answer Stats

RankStateTV HomesAnswer% Correct
3IL3,251,000Chicago
99%
5TX2,622,000Dallas/Fort Worth
99%
2CA5,276,000Los Angeles
99%
4PA2,816,000Philadelphia
99%
14MI1,777,000Detroit
97%
7TX2,423,000Houston
97%
1NY7,100,000New York
97%
8CA2,414,000San Francisco/Oak/San Jose
97%
13WA1,854,000Seattle/Tacoma
97%
10GA2,341,000Atlanta
96%
17CO1,585,000Denver
96%
15MN1,713,000Minneapolis/St Paul
96%
27TN1,021,000Nashville
96%
12AZ1,864,000Phoenix
96%
9MA2,364,000Boston
94%
16FL1,697,000Miami/Fort Lauderdale
94%
22OR1,141,000Portland
94%
84ME339,000Portland/Auburn
94%
92MS306,000Jackson
93%
32MO909,000Kansas City
93%
39NV766,000Las Vegas
93%
51TN623,000Memphis
93%
30UT935,000Salt Lake City
93%
29CA987,000San Diego
93%
21MO1,164,000St Louis
93%
23NC1,129,000Charlotte
92%
19OH1,399,000Cleveland/Akron
92%
28IN999,000Indianapolis
92%
18FL1,565,000Orlando/Daytona Beach/Melbourne
92%
26MD1,084,000Baltimore
90%
34OH889,000Columbus
90%
42FL681,000Jacksonville
90%
50LA624,000New Orleans
90%
45OK676,000Oklahoma City
90%
11FL1,875,000Tampa/St Petersburg/Sarasota
90%
40TX751,000Austin
89%
36WI848,000Milwaukee
89%
25NC1,108,000Raleigh/Durham/Fayetteville
89%
31TX923,000San Antonio
89%
35OH850,000Cincinnati
88%
20CA1,357,000Sacramento/Stockton/Modesto
88%
47NM650,000Albuquerque/Santa Fe
86%
33CT897,000Hartford/New Haven
86%
48KY647,000Louisville
86%
24PA1,108,000Pittsburgh
86%
62,482,000Washington, DC
85%
43AL679,000Birmingham/Anniston/Tuscaloosa
83%
52NY586,000Buffalo
83%
70WV402,000Charleston/Huntington
83%
75IA383,000Des Moines/Ames
83%
94SC302,000Charleston
82%
85TX338,000El Paso/Las Cruces
82%
53RI580,000Providence/New Bedford
82%
59NY520,000Albany/Schenectday/Troy
81%
58AL/FL524,000Mobile/Pensacola/Ft Walt
81%
56VA551,000Richmond/Petersburg
81%
61OK508,000Tulsa
81%
82IL344,000Champaign/Springfield/Decatur
79%
80NY352,000Rochester
79%
73AZ392,000Tucson/Sierra Vista
79%
66HI425,000Honolulu
78%
57AR527,000Little Rock/Pine Bluff
78%
69NE405,000Omaha
78%
72MO395,000Springfield
76%
74SC389,000Columbia
75%
54CA568,000Fresno/Visalia
75%
46NC675,000Greensboro/High Point/Winston-Salem
75%
63KY464,000Lexington
75%
86WI338,000Madison
74%
41PA705,000Harrisburg/Lancaster/Lebanon/York
72%
60TN512,000Knoxville
72%
88KY/IL/MO/TN324,000Paducah/Cape Girardeau/Harrisburg
72%
71OH401,000Toledo
72%
49MI639,000Grand Rapids/Kalamazoo/Battle Creek
71%
64OH463,000Dayton
69%
76KS382,000Wichita/Hutchinson Plus
69%
100ID273,000Boise
68%
44VA678,000Norfolk/Portsmouth/Newport News
68%
93GA303,000Savannah
65%
87IA330,000Cedar Rapids/Waterloo/Iowa City/Dubuque
64%
67WI421,000Green Bay/Appleton
64%
77WA382,000Spokane
64%
97LA287,000Baton Rouge
63%
91CO319,000Colorado Springs/Pueblo
63%
81NY350,000Syracuse
63%
83TN341,000Chattanooga
58%
55FL554,000Ft Myers/Naples
56%
90LA322,000Shreveport
56%
62PA481,000Wilkes Barre/Scranton/Hazleton
54%
65MI430,000Flint/Saginaw/Bay City
50%
38SC805,000Greenville/Spartanburg/Asheville/Anderson
50%
78TX375,000Harlingen/Weslaco/Brownsville/McAllen
47%
79AL372,000Huntsville/Decatur
47%
96VT/NY294,000Burlington/Plattsburgh
46%
68VA417,000Roanoke/Lynchburg
44%
95SC294,000Myrtle Beach/Florence
42%
98IA/IL280,000Davenport/Rock Island/Moline
39%
89TX322,000Waco/Temple/Bryan
39%
99IN274,000South Bend/Elkhart
38%
37FL829,000West Palm Beach/Ft Pierce
35%

Score Distribution

Percentile by Number Answered

Percent of People with Each Score

Your Score History

You have not taken this quiz